000 00581nam a2200217Ia 4500
005 20260429112112.0
008 260429s9999||||xx |||||||||||||| ||und||
020 _a9781071635254
041 _aEnglish
082 _a615.37
_bAZE
100 _aAzeredo, Joana
245 0 _aBacteriophage therapy :
_bfrom lab to clinical practice /
_cJoana Azeredo
250 _a2nd ed.
260 _aNew York :
_bHumana Press,
_c2024.
300 _axi, 321 p.; pbk
650 _a Bacteria
650 _a Therapy
650 _aBacterophage
700 _a Sillankorva, Sanna
942 _cTB
999 _c52363
_d52363